000 00373nam a22001217a 4500
040 _cHS
082 _a179
100 _aហេហ្វីកកម្ពុជា
245 _aមគ្គុទ្ទេសក៍អំពីសុខុមាលភាពសត្វ
260 _aCambodia
_bហេហ្វីកកម្ពុជា
_c2009
300 _a16p;
942 _cKB
999 _c9875
_d9875